[Event "Ruhrgebiet Verbandsklasse Gruppe 3 1819"]
[Site "Nordrheinwestfalen"]
[Date "2018.12.02"]
[Round "4.3"]
[White "Teich, Udo"]
[Black "Hustert, Volker"]
[Result "1-0"]
[WhiteElo "1893"]
[BlackElo "1912"]
[PlyCount "43"]
[EventDate "2018.09.23"]
[EventType "team-tourn"]
[EventRounds "9"]
[EventCountry "GER"]
[SourceTitle "EXT 2022"]
[Source "ChessBase"]
[SourceDate "2021.10.06"]
[SourceVersion "1"]
[SourceVersionDate "2021.10.06"]
[SourceQuality "1"]
[WhiteTeam "Welper SV II"]
[BlackTeam "Witten"]
[WhiteTeamCountry "GER"]
[BlackTeamCountry "GER"]

1. d4 d5 2. Nf3 e6 3. c4 Nf6 4. Nc3 b6 5. Bg5 Be7 6. e3 Bb7 7. Qc2 Nbd7 8. Bd3 Rc8 9. Rd1 h6 10. Bxf6 Nxf6 11. Qa4+ Nd7 12. cxd5 Bxd5 13. Nxd5 exd5 14. Ne5 Bd6 15. Bb5 Bxe5 16. dxe5 Ke7 17. Rxd5 c6 18. Bxc6 Qc7 19. Rxd7+ Qxd7 20. Bxd7 Rc1+ 21. Ke2 Rxh1 22. Qxa7 1-0

[Event "Ruhrgebiet Verbandsklasse Gruppe 3 1819"]
[Site "Nordrheinwestfalen"]
[Date "2018.11.04"]
[Round "3.1"]
[White "Teich, Udo"]
[Black "Barskij, Alexander"]
[Result "1/2-1/2"]
[WhiteElo "1893"]
[BlackElo "1912"]
[PlyCount "60"]
[EventDate "2018.09.23"]
[EventType "team-tourn"]
[EventRounds "9"]
[EventCountry "GER"]
[SourceTitle "EXT 2022"]
[Source "ChessBase"]
[SourceDate "2021.10.06"]
[SourceVersion "1"]
[SourceVersionDate "2021.10.06"]
[SourceQuality "1"]
[WhiteTeam "Welper SV II"]
[BlackTeam "Unna SV"]
[WhiteTeamCountry "GER"]
[BlackTeamCountry "GER"]

1. d4 Nf6 2. c4 g6 3. g3 Bg7 4. Bg2 d5 5. cxd5 Nxd5 6. e4 Nb6 7. Ne2 0-0 8. 0-0 Nc6 9. d5 Na5 10. Nec3 c6 11. Qe2 cxd5 12. exd5 e5 13. Nd2 Bd7 14. b3 e4 15. Bb2 Nxd5 16. Ndxe4 Nxc3 17. Bxc3 Bxc3 18. Nxc3 Re8 19. Qd2 Bc6 20. Rfd1 Bxg2 21. Kxg2 Qxd2 22. Rxd2 Rad8 23. Rad1 Rxd2 24. Rxd2 Nc6 25. Rd7 Re7 26. Rxe7 Nxe7 27. Kf3 f5 28. Ke3 Nc6 29. f4 Kf7 30. Kd3 Ke6 1/2-1/2

[Event "Ruhrgebiet Verbandsklasse Gruppe 3 1819"]
[Site "Nordrheinwestfalen"]
[Date "2018.10.07"]
[Round "2.2"]
[White "Teich, Udo"]
[Black "Koth, Stefan"]
[Result "0-1"]
[WhiteElo "1893"]
[BlackElo "2011"]
[PlyCount "46"]
[EventDate "2018.09.23"]
[EventType "team-tourn"]
[EventRounds "9"]
[EventCountry "GER"]
[SourceTitle "EXT 2022"]
[Source "ChessBase"]
[SourceDate "2021.10.06"]
[SourceVersion "1"]
[SourceVersionDate "2021.10.06"]
[SourceQuality "1"]
[WhiteTeam "Welper SV II"]
[BlackTeam "Brambauer"]
[WhiteTeamCountry "GER"]
[BlackTeamCountry "GER"]

1. d4 d5 2. Nf3 Nf6 3. c4 c6 4. e3 e6 5. Nc3 Bd6 6. Bd3 0-0 7. 0-0 Nbd7 8. cxd5 exd5 9. Qc2 h6 10. h3 Re8 11. Re1 Nf8 12. Bd2 Bd7 13. e4 dxe4 14. Nxe4 Nxe4 15. Rxe4 Rxe4 16. Bxe4 Be6 17. Rd1 Nd7 18. Bc3 Nf6 19. Bd3 Nd5 20. b3 Qf6 21. Be4 Rd8 22. Ne5 Nxc3 23. Qxc3 Bxe5 0-1

[Event "Ruhrgebiet Regionalliga 1718"]
[Site "Germany"]
[Date "2017.10.01"]
[Round "1.7"]
[White "Teich, Udo"]
[Black "Schlange, Stefan"]
[Result "0-1"]
[WhiteElo "1910"]
[BlackElo "2076"]
[PlyCount "112"]
[EventDate "2017.10.01"]
[EventType "team-tourn"]
[EventRounds "9"]
[EventCountry "GER"]
[SourceTitle "EXT 2022"]
[Source "ChessBase"]
[SourceDate "2021.10.06"]
[SourceVersion "1"]
[SourceVersionDate "2021.10.06"]
[SourceQuality "1"]
[WhiteTeam "Welper SV"]
[BlackTeam "Wattenscheid SV II"]
[WhiteTeamCountry "GER"]
[BlackTeamCountry "GER"]

1. d4 d5 2. Nf3 c6 3. c4 e6 4. e3 Nf6 5. b3 Bd6 6. Bd3 0-0 7. 0-0 Nbd7 8. Bb2 b6 9. Nbd2 Bb7 10. Ne5 Qe7 11. Ndf3 Rac8 12. Qe2 h6 13. Rac1 Rfd8 14. Rfd1 Ba3 15. Nxd7 Rxd7 16. c5 Bxb2 17. Qxb2 Rdc7 18. b4 b5 19. Qc2 Ra8 20. a4 a6 21. Ra1 Nd7 22. Qc3 Rd8 23. Bc2 f6 24. e4 dxe4 25. Bxe4 Nf8 26. Re1 Qf7 27. axb5 axb5 28. Nd2 Rcd7 29. Nb3 Ng6 30. Na5 Ne7 31. h3 Ba8 32. Rad1 e5 33. Nb3 f5 34. Bc2 Nd5 35. Qb2 e4 36. Na5 Qf6 37. Bb3 Kh7 38. Bxd5 Rxd5 39. Nb3 Bb7 40. Qe2 Bc8 41. f3 exf3 42. Qxf3 f4 43. Re4 Rf8 44. Rde1 Rg5 45. Kh2 Qg6 46. Qf2 Rf6 47. d5 cxd5 48. Re5 Bf5 49. Rxd5 Qf7 50. Qd4 Rfg6 51. Re2 f3 52. gxf3 Rg3 53. Rxf5 Qxf5 54. Qh4 Qxf3 55. Nd4 Rg2+ 56. Kh1 Qf1# 0-1

[Event "Ruhrgebiet Verbandsklasse Gruppe 1 1718"]
[Site "Germany"]
[Date "2017.09.17"]
[Round "1.2"]
[White "Dahlhaus, Friedhelm"]
[Black "Teich, Udo"]
[Result "1/2-1/2"]
[WhiteElo "1969"]
[BlackElo "1910"]
[PlyCount "52"]
[EventDate "2017.09.17"]
[EventType "team-tourn"]
[EventRounds "9"]
[EventCountry "GER"]
[SourceTitle "EXT 2022"]
[Source "ChessBase"]
[SourceDate "2021.10.06"]
[SourceVersion "1"]
[SourceVersionDate "2021.10.06"]
[SourceQuality "1"]
[WhiteTeam "Bergeborbeck Wacker"]
[BlackTeam "Welper SV II"]
[WhiteTeamCountry "GER"]
[BlackTeamCountry "GER"]

1. e4 e6 2. d4 d5 3. Nd2 c5 4. exd5 exd5 5. Bb5+ Nc6 6. Ngf3 Bd6 7. 0-0 Nge7 8. dxc5 Bxc5 9. Nb3 Bd6 10. Re1 0-0 11. Bg5 h6 12. Bh4 Bg4 13. Bg3 Bxg3 14. hxg3 Qc7 15. Qd2 Rad8 16. Nbd4 Bxf3 17. gxf3 Qb6 18. Bxc6 Nxc6 19. Nb3 a5 20. a4 d4 21. Qd3 Nb4 22. Qc4 d3 23. cxd3 Rxd3 24. Qc5 Qc6 25. Qxc6 Nxc6 26. Re3 Rfd8 1/2-1/2

[Event "Ruhrgebiet Regionalliga 1617"]
[Site "Germany"]
[Date "2016.12.04"]
[Round "4.8"]
[White "Teich, Udo"]
[Black "Brieger, Sebastian"]
[Result "1-0"]
[WhiteElo "1915"]
[BlackElo "1620"]
[PlyCount "87"]
[EventDate "2016.09.11"]
[EventType "team-tourn"]
[EventRounds "9"]
[EventCountry "GER"]
[SourceTitle "EXT 2022"]
[Source "ChessBase"]
[SourceDate "2021.10.06"]
[SourceVersion "1"]
[SourceVersionDate "2021.10.06"]
[SourceQuality "1"]
[WhiteTeam "Welper SV"]
[BlackTeam "Hamm SV"]
[WhiteTeamCountry "GER"]
[BlackTeamCountry "GER"]

1. d4 Nf6 2. Nf3 b6 3. c4 e6 4. a3 Bb7 5. Nc3 d5 6. Bg5 Be7 7. e3 0-0 8. Be2 Nbd7 9. 0-0 h6 10. Bh4 c5 11. Bg3 dxc4 12. Bxc4 Ne4 13. Nxe4 Bxe4 14. Qe2 Nf6 15. Rfd1 Qe8 16. dxc5 bxc5 17. Ne5 Qc8 18. f3 Bb7 19. Rac1 Rd8 20. Rxd8+ Qxd8 21. e4 Qb6 22. Bf2 Rc8 23. Be3 Qa5 24. Qf2 Rc7 25. Ba2 Rc8 26. Nc4 Qb5 27. Qc2 Nd7 28. a4 Qa6 29. a5 Qb5 30. Bb3 Bc6 31. Ra1 a6 32. Ba4 Qb7 33. Bxc6 Qxc6 34. Rd1 Rc7 35. Rd3 f6 36. Rc3 Kf8 37. e5 fxe5 38. Qh7 Bf6 39. Rc1 Qd5 40. Qg6 Ke7 41. Qc2 Kf7 42. Rd1 Qc6 43. Rd6 Qb5 44. Rb6 1-0

[Event "Ruhrgebiet Regionalliga 1617"]
[Site "Germany"]
[Date "2016.10.02"]
[Round "2.6"]
[White "Teich, Udo"]
[Black "Friedrich, Patrick"]
[Result "0-1"]
[WhiteElo "1915"]
[BlackElo "1972"]
[PlyCount "84"]
[EventDate "2016.09.11"]
[EventType "team-tourn"]
[EventRounds "9"]
[EventCountry "GER"]
[SourceTitle "EXT 2022"]
[Source "ChessBase"]
[SourceDate "2021.10.06"]
[SourceVersion "1"]
[SourceVersionDate "2021.10.06"]
[SourceQuality "1"]
[WhiteTeam "Welper SV"]
[BlackTeam "Borbeck Weisse Dame"]
[WhiteTeamCountry "GER"]
[BlackTeamCountry "GER"]

1. d4 Nf6 2. Nf3 e6 3. c4 Bb4+ 4. Bd2 Qe7 5. Qc2 Nc6 6. a3 Bxd2+ 7. Nbxd2 d6 8. e3 0-0 9. Bd3 a5 10. 0-0 e5 11. d5 Nb8 12. b4 Na6 13. Rab1 Bg4 14. e4 Bxf3 15. Nxf3 axb4 16. axb4 c5 17. bxc5 Nxc5 18. Ra1 Rfc8 19. Nd2 Qe8 20. f3 Rxa1 21. Rxa1 Ra8 22. Rxa8 Qxa8 23. Be2 Qa1+ 24. Qd1 Qb2 25. g3 Nfd7 26. Kf2 g5 27. Nf1 Nb3 28. Ne3 Nd4 29. Nf5 Nxf5 30. exf5 Nc5 31. Kg1 f6 32. Qf1 Nb3 33. Bd1 Qd4+ 34. Kg2 Nd2 35. Qe2 Nxc4 36. Bb3 b5 37. Kh3 Qxd5 38. Qa2 e4 39. fxe4 Qxe4 40. Bc2 Qh1 41. Qa6 Qf1+ 42. Kg4 Ne3+ 0-1

[Event "Ruhrgebiet Regionalliga 1516"]
[Site "Germany"]
[Date "2016.05.01"]
[Round "9.6"]
[White "Beckmann, Klaus3"]
[Black "Teich, Udo"]
[Result "1/2-1/2"]
[WhiteElo "1799"]
[BlackElo "1927"]
[PlyCount "57"]
[EventDate "2015.09.13"]
[EventType "team-tourn"]
[EventRounds "9"]
[EventCountry "GER"]
[SourceTitle "EXT 2022"]
[Source "ChessBase"]
[SourceDate "2021.10.06"]
[SourceVersion "1"]
[SourceVersionDate "2021.10.06"]
[SourceQuality "1"]
[WhiteTeam "Muelheim Nord III"]
[BlackTeam "Welper SV"]
[WhiteTeamCountry "GER"]
[BlackTeamCountry "GER"]

1. e4 e6 2. d4 d5 3. Nc3 Nc6 4. Bb5 dxe4 5. Nxe4 Nf6 6. Nxf6+ Qxf6 7. Qf3 Qxf3 8. Nxf3 Bd7 9. 0-0 Bd6 10. Be3 a6 11. Be2 0-0 12. c4 Rfd8 13. Rad1 Bf8 14. a3 a5 15. Bf4 Rac8 16. Rd3 Be8 17. Rfd1 Bd6 18. Bc1 f6 19. b3 Bg6 20. Rc3 Bf8 21. Bb2 Rd7 22. Re3 Bf7 23. Bd3 Nd8 24. c5 Nc6 25. Be4 Bxc5 26. Bxc6 bxc6 27. Rc1 Bb6 28. Ree1 Rcd8 29. Rxc6 1/2-1/2

[Event "Ruhrgebiet Regionalliga 1516"]
[Site "Germany"]
[Date "2016.04.10"]
[Round "8.6"]
[White "Teich, Udo"]
[Black "Foerster, Wolfgang"]
[Result "1/2-1/2"]
[WhiteElo "1927"]
[BlackElo "1947"]
[PlyCount "41"]
[EventDate "2015.09.13"]
[EventType "team-tourn"]
[EventRounds "9"]
[EventCountry "GER"]
[SourceTitle "EXT 2022"]
[Source "ChessBase"]
[SourceDate "2021.10.06"]
[SourceVersion "1"]
[SourceVersionDate "2021.10.06"]
[SourceQuality "1"]
[WhiteTeam "Welper SV"]
[BlackTeam "Sodingen/Castrop SK II"]
[WhiteTeamCountry "GER"]
[BlackTeamCountry "GER"]

1. d4 c5 2. c3 cxd4 3. cxd4 d5 4. Nf3 Nf6 5. Nc3 Nc6 6. Bf4 a6 7. e3 e6 8. Bd3 Bd6 9. Bxd6 Qxd6 10. 0-0 0-0 11. Rc1 b5 12. b3 Bb7 13. Ne2 Ne4 14. Nd2 f5 15. f4 Rac8 16. Nf3 Rc7 17. Ne5 Rfc8 18. Nxc6 Rxc6 19. Rxc6 Rxc6 20. Bxe4 dxe4 21. Qd2 1/2-1/2

[Event "NRW Verbandsliga Group1 1314"]
[Site "Nordrheinwestfalen"]
[Date "2013.11.24"]
[Round "4"]
[White "Braun, Uwe"]
[Black "Teich, Udo"]
[Result "1/2-1/2"]
[WhiteElo "1858"]
[BlackElo "1940"]
[PlyCount "48"]
[EventDate "2013.09.08"]
[EventType "team-tourn"]
[EventRounds "9"]
[EventCountry "GER"]
[SourceTitle "EXT 2020"]
[Source "ChessBase"]
[SourceDate "2019.10.17"]
[SourceVersion "1"]
[SourceVersionDate "2019.10.17"]
[SourceQuality "1"]
[WhiteTeam "Bottrop SV"]
[BlackTeam "Welper SV"]
[WhiteTeamCountry "GER"]
[BlackTeamCountry "GER"]

1. d4 d5 2. c4 dxc4 3. e3 Nf6 4. Bxc4 e6 5. Nf3 c5 6. 0-0 a6 7. dxc5 Qxd1 8. Rxd1 Bxc5 9. a3 b5 10. Be2 Bb7 11. b4 Be7 12. Bb2 Nbd7 13. Nbd2 Rc8 14. Rac1 0-0 15. Nb3 Rxc1 16. Rxc1 Rc8 17. Rxc8+ Bxc8 18. Nfd4 Bd6 19. Na5 Nb8 20. Nac6 Nfd7 21. Nxb8 Nxb8 22. Bf3 Kf8 23. Nc6 Nxc6 24. Bxc6 f6 1/2-1/2

[Event "Ruhrgebiet Verbandsliga1 1213"]
[Site "Nordrheinwestfalen"]
[Date "2013.02.24"]
[Round "7.7"]
[White "Teich, Udo"]
[Black "Rippke, Uwe"]
[Result "1-0"]
[WhiteElo "1937"]
[BlackElo "1679"]
[PlyCount "53"]
[EventDate "2012.09.02"]
[EventType "team-tourn"]
[EventRounds "9"]
[EventCountry "GER"]
[SourceTitle "EXT 2020"]
[Source "ChessBase"]
[SourceDate "2019.10.17"]
[SourceVersion "1"]
[SourceVersionDate "2019.10.17"]
[SourceQuality "1"]
[WhiteTeam "Welper SV"]
[BlackTeam "Oberhausen SV III"]
[WhiteTeamCountry "GER"]
[BlackTeamCountry "GER"]

1. d4 d5 2. Nf3 Nf6 3. c4 e6 4. Nc3 c6 5. e3 Nbd7 6. Bd3 Be7 7. 0-0 0-0 8. Qe2 dxc4 9. Bxc4 Nd5 10. e4 N5b6 11. Bb3 Nf6 12. Bf4 Nbd7 13. Rfd1 Re8 14. Rac1 Qa5 15. h3 b6 16. d5 exd5 17. exd5 Bd6 18. Be3 c5 19. Nd2 Ba6 20. Bc4 Bxc4 21. Nxc4 Qb4 22. Nxd6 Re5 23. Nc4 Rf5 24. Qd3 Rh5 25. a3 Qb3 26. Nd2 Qxb2 27. Nc4 1-0

[Event "Ruhrgebiet Verbandsliga1 1213"]
[Site "Nordrheinwestfalen"]
[Date "2013.02.03"]
[Round "6.6"]
[White "Teich, Udo"]
[Black "Baar, Michael"]
[Result "1/2-1/2"]
[WhiteElo "1937"]
[BlackElo "1836"]
[PlyCount "39"]
[EventDate "2012.09.02"]
[EventType "team-tourn"]
[EventRounds "9"]
[EventCountry "GER"]
[SourceTitle "EXT 2020"]
[Source "ChessBase"]
[SourceDate "2019.10.17"]
[SourceVersion "1"]
[SourceVersionDate "2019.10.17"]
[SourceQuality "1"]
[WhiteTeam "Welper SV"]
[BlackTeam "Buer SF"]
[WhiteTeamCountry "GER"]
[BlackTeamCountry "GER"]

1. d4 g6 2. Nf3 Bg7 3. g3 d6 4. Bg2 Nf6 5. c4 c6 6. Nc3 Bg4 7. h3 Bxf3 8. Bxf3 Nbd7 9. e4 e5 10. Be3 Qb8 11. a4 0-0 12. 0-0 a5 13. Bg2 Qc7 14. dxe5 dxe5 15. Qc2 b6 16. Rfd1 Rad8 17. Rd2 Nc5 18. Bxc5 bxc5 19. Rad1 Bh6 20. Rxd8 1/2-1/2

[Event "Ruhrgebiet Verbandsliga1 1213"]
[Site "Nordrheinwestfalen"]
[Date "2012.10.28"]
[Round "3.6"]
[White "Teich, Udo"]
[Black "Goralski, Christian"]
[Result "1/2-1/2"]
[WhiteElo "1937"]
[BlackElo "2058"]
[PlyCount "24"]
[EventDate "2012.09.02"]
[EventType "team-tourn"]
[EventRounds "9"]
[EventCountry "GER"]
[SourceTitle "EXT 2020"]
[Source "ChessBase"]
[SourceDate "2019.10.17"]
[SourceVersion "1"]
[SourceVersionDate "2019.10.17"]
[SourceQuality "1"]
[WhiteTeam "Welper SV"]
[BlackTeam "Bochum SV II"]
[WhiteTeamCountry "GER"]
[BlackTeamCountry "GER"]

1. d4 d5 2. Nf3 Nf6 3. Bf4 c5 4. c3 Qb6 5. Qb3 c4 6. Qxb6 axb6 7. Nbd2 b5 8. Bxb8 Rxb8 9. g3 Bf5 10. Bg2 e6 11. a3 Ra8 12. 0-0 Ne4 1/2-1/2

[Event "Ruhrgebiet Verbandsliga1 1213"]
[Site "Nordrheinwestfalen"]
[Date "2012.09.30"]
[Round "2.7"]
[White "Teich, Udo"]
[Black "Brockmann, Fabian"]
[Result "1-0"]
[WhiteElo "1937"]
[BlackElo "1902"]
[PlyCount "27"]
[EventDate "2012.09.02"]
[EventType "team-tourn"]
[EventRounds "9"]
[EventCountry "GER"]
[SourceTitle "EXT 2020"]
[Source "ChessBase"]
[SourceDate "2019.10.17"]
[SourceVersion "1"]
[SourceVersionDate "2019.10.17"]
[SourceQuality "1"]
[WhiteTeam "Welper SV"]
[BlackTeam "Dortmund Hansa III"]
[WhiteTeamCountry "GER"]
[BlackTeamCountry "GER"]

1. d4 Nf6 2. c4 c5 3. e3 g6 4. Nf3 Bg7 5. b3 0-0 6. Bb2 d6 7. Nbd2 e6 8. Be2 b6 9. 0-0 Bb7 10. Qc2 Nbd7 11. Rfd1 Rc8 12. Rac1 Qe7 13. dxc5 dxc5 14. Ne5 1-0

[Event "Ruhrgebiet Verbandsliga1 1213"]
[Site "Nordrheinwestfalen"]
[Date "2012.09.02"]
[Round "1"]
[White "Wloka, Sebastian"]
[Black "Teich, Udo"]
[Result "1-0"]
[WhiteElo "1894"]
[BlackElo "1937"]
[PlyCount "63"]
[EventDate "2012.09.02"]
[EventType "team-tourn"]
[EventRounds "9"]
[EventCountry "GER"]
[SourceTitle "EXT 2020"]
[Source "ChessBase"]
[SourceDate "2019.10.17"]
[SourceVersion "1"]
[SourceVersionDate "2019.10.17"]
[SourceQuality "1"]
[WhiteTeam "Eichlinghofen SV"]
[BlackTeam "Welper SV"]
[WhiteTeamCountry "GER"]
[BlackTeamCountry "GER"]

1. d4 d5 2. c4 e6 3. Nc3 Nf6 4. cxd5 exd5 5. Bg5 Be7 6. e3 c6 7. Bd3 Nbd7 8. Qc2 Nf8 9. Nge2 Nh5 10. Bxe7 Qxe7 11. 0-0-0 g6 12. Kb1 Nf6 13. Ng3 Ne6 14. f3 0-0 15. h4 Qd6 16. Qf2 Bd7 17. h5 Kg7 18. e4 dxe4 19. Ngxe4 Nxe4 20. Bxe4 Nc7 21. Qh4 f5 22. hxg6 hxg6 23. Qh7+ Kf6 24. g4 Rh8 25. g5+ Kxg5 26. Qg7 Rag8 27. Rhg1+ Kf4 28. Qf7 Qe6 29. Rg4+ Ke3 30. Re1+ Kf2 31. Rgg1 fxe4 32. Nd1# 1-0

[Event "Ruhrgebiet Verbandsliga2 1011"]
[Site "Nordrheinwestfalen"]
[Date "2011.02.27"]
[Round "7.6"]
[White "Koerber, Matthias"]
[Black "Teich, Udo"]
[Result "1/2-1/2"]
[WhiteElo "2019"]
[BlackElo "1932"]
[PlyCount "85"]
[EventDate "2010.09.12"]
[EventType "team-tourn"]
[EventRounds "9"]
[EventCountry "GER"]
[SourceTitle "EXT 2020"]
[Source "ChessBase"]
[SourceDate "2019.10.17"]
[SourceVersion "1"]
[SourceVersionDate "2019.10.17"]
[SourceQuality "1"]
[WhiteTeam "Wattenscheid SV IV"]
[BlackTeam "Welper SV"]
[WhiteTeamCountry "GER"]
[BlackTeamCountry "GER"]

1. d4 d5 2. c4 e6 3. Nc3 Nf6 4. cxd5 exd5 5. Bg5 Be7 6. e3 c6 7. Qc2 Nbd7 8. Bd3 Nf8 9. Nge2 Nh5 10. Bxe7 Qxe7 11. Rb1 Nf6 12. b4 Ne6 13. 0-0 0-0 14. Rfc1 Bd7 15. b5 Rfc8 16. bxc6 Bxc6 17. Ng3 g6 18. Qb3 Qd7 19. Rc2 a6 20. Rbc1 Kg7 21. Qb4 Qe8 22. a4 Qf8 23. Qb3 Qd8 24. Qb4 Qf8 25. Na2 Qxb4 26. Nxb4 Bd7 27. a5 Rxc2 28. Rxc2 Rc8 29. Ne2 Rxc2 30. Bxc2 Nd8 31. Nc3 Nc6 32. Nxc6 Bxc6 33. f3 Kf8 34. Kf2 Ke7 35. e4 dxe4 36. fxe4 Ne8 37. d5 Bd7 38. Ke3 f6 39. Kd4 Kd6 40. Bd3 Nc7 41. Be2 Ne8 42. Nb1 Kc7 43. Nd2 1/2-1/2

[Event "Ruhrgebiet Verbandsliga2 1011"]
[Site "Nordrheinwestfalen"]
[Date "2011.02.06"]
[Round "6.6"]
[White "Teich, Udo"]
[Black "Hillebrand, Carsten"]
[Result "1/2-1/2"]
[WhiteElo "1932"]
[BlackElo "1880"]
[PlyCount "53"]
[EventDate "2010.09.12"]
[EventType "team-tourn"]
[EventRounds "9"]
[EventCountry "GER"]
[SourceTitle "EXT 2020"]
[Source "ChessBase"]
[SourceDate "2019.10.17"]
[SourceVersion "1"]
[SourceVersionDate "2019.10.17"]
[SourceQuality "1"]
[WhiteTeam "Welper SV"]
[BlackTeam "Dortmund FS 98"]
[WhiteTeamCountry "GER"]
[BlackTeamCountry "GER"]

1. Nf3 Nf6 2. d4 g6 3. g3 Bg7 4. Bg2 0-0 5. 0-0 d6 6. c4 Nc6 7. h3 a6 8. Nc3 Bd7 9. a3 Rb8 10. e4 e5 11. Be3 exd4 12. Nxd4 Nxd4 13. Bxd4 Re8 14. Re1 Be6 15. Nd5 Nxd5 16. cxd5 Bd7 17. Qd2 Bxd4 18. Qxd4 Re7 19. Re3 f5 20. e5 Rxe5 21. Rxe5 dxe5 22. Qxe5 Be8 23. Rc1 Qd6 24. Qxd6 cxd6 25. Rc7 a5 26. Bf1 b5 27. b3 1/2-1/2

[Event "Ruhrgebiet Verbandsliga2 1011"]
[Site "Nordrheinwestfalen"]
[Date "2010.10.24"]
[Round "2.6"]
[White "Teich, Udo"]
[Black "Delvos, Thorsten"]
[Result "1/2-1/2"]
[WhiteElo "1932"]
[BlackElo "1941"]
[PlyCount "40"]
[EventDate "2010.09.12"]
[EventType "team-tourn"]
[EventRounds "9"]
[EventCountry "GER"]
[SourceTitle "EXT 2020"]
[Source "ChessBase"]
[SourceDate "2019.10.17"]
[SourceVersion "1"]
[SourceVersionDate "2019.10.17"]
[SourceQuality "1"]
[WhiteTeam "Welper SV"]
[BlackTeam "Mengede SG"]
[WhiteTeamCountry "GER"]
[BlackTeamCountry "GER"]

1. Nf3 f5 2. d4 Nf6 3. c4 g6 4. Nc3 Bg7 5. Bf4 0-0 6. e3 d6 7. Qb3 h6 8. h3 Kh8 9. Be2 Qe8 10. Nb5 Na6 11. c5 dxc5 12. Nxc7 Nxc7 13. Bxc7 cxd4 14. exd4 Qc6 15. Be5 Be6 16. Qe3 Rac8 17. 0-0 Qe4 18. Bxf6 exf6 19. Bd3 Qxe3 20. fxe3 Bd5 1/2-1/2

[Event "Ruhrgebiet Regionalliga 0910"]
[Site "Germany"]
[Date "2010.02.07"]
[Round "6.6"]
[White "Dewenter, Ulf"]
[Black "Teich, Udo"]
[Result "1-0"]
[WhiteElo "2175"]
[BlackElo "2097"]
[PlyCount "49"]
[EventDate "2009.09.06"]
[EventType "team-tourn"]
[EventRounds "9"]
[EventCountry "GER"]
[SourceTitle "EXT 2011"]
[Source "ChessBase"]
[SourceDate "2010.11.26"]
[SourceVersion "1"]
[SourceVersionDate "2010.11.26"]
[SourceQuality "1"]
[WhiteTeam "Borbeck Weisse Dame"]
[BlackTeam "Welper SV"]
[WhiteTeamCountry "GER"]
[BlackTeamCountry "GER"]

1. f4 d5 2. Nf3 g6 3. g3 Bg7 4. Bg2 Nd7 5. 0-0 Nh6 6. d3 d4 7. c3 c5 8. e4 dxe3 9. Bxe3 0-0 10. Na3 Nf5 11. Re1 Nxe3 12. Rxe3 Rb8 13. Qc2 e6 14. Rd1 Qc7 15. Nc4 b6 16. Nce5 Bb7 17. Nxd7 Qxd7 18. Ne5 Qc7 19. Qa4 Bxg2 20. Kxg2 Rfd8 21. Nc6 b5 22. Qe4 Rd5 23. Nxb8 Qxb8 24. Rde1 b4 25. Qxd5 1-0

[Event "Ruhrgebiet Regionalliga 0910"]
[Site "Germany"]
[Date "2010.01.18"]
[Round "5.6"]
[White "Teich, Udo"]
[Black "Albers, Damian"]
[Result "1/2-1/2"]
[WhiteElo "2097"]
[BlackElo "2032"]
[PlyCount "137"]
[EventDate "2009.09.06"]
[EventType "team-tourn"]
[EventRounds "9"]
[EventCountry "GER"]
[SourceTitle "EXT 2011"]
[Source "ChessBase"]
[SourceDate "2010.11.26"]
[SourceVersion "1"]
[SourceVersionDate "2010.11.26"]
[SourceQuality "1"]
[WhiteTeam "Welper SV"]
[BlackTeam "Brackel"]
[WhiteTeamCountry "GER"]
[BlackTeamCountry "GER"]

1. c4 Nf6 2. Nc3 c6 3. d4 d5 4. Nf3 e6 5. e3 Nbd7 6. Qc2 Be7 7. e4 dxe4 8. Nxe4 Nxe4 9. Qxe4 Nf6 10. Qc2 c5 11. dxc5 Bxc5 12. Bd3 Qc7 13. 0-0 Bd7 14. Qe2 Ng4 15. Bd2 Bd6 16. g3 0-0 17. Bc3 e5 18. Be4 Nf6 19. Nd2 Nxe4 20. Nxe4 Be7 21. Bd2 Qc6 22. f3 Be6 23. b3 Rad8 24. Be3 f5 25. Nc3 Bf6 26. Rac1 Rd7 27. Rfd1 Rfd8 28. Rxd7 Rxd7 29. Bf2 b6 30. Rc2 Kf7 31. Rd2 Rxd2 32. Qxd2 Qxf3 33. Nb5 Kg6 34. Nc7 Bc8 35. Qd5 Qxd5 36. Nxd5 Bd8 37. c5 Bb7 38. Nc3 bxc5 39. Na4 Bc6 40. Nxc5 Bb6 41. b4 Kf7 42. a4 Ke7 43. a5 Bd8 44. Nd3 e4 45. Bc5+ Ke8 46. Nf4 Be7 47. Bxa7 Bxb4 48. Ne6 g6 49. a6 Kd7 50. Ng5 Bb5 51. Nxh7 Bxa6 52. Be3 Bc4 53. Kf2 Ke6 54. h4 Be7 55. Ng5+ Kd6 56. Nh3 Kc6 57. Nf4 Bf7 58. Ng2 Kb5 59. Nf4 Kc4 60. Ke2 Kc3 61. Bd2+ Kc2 62. Be3 Bb4 63. Ng2 Bc4+ 64. Kf2 Bc3 65. Bg5 Bd4+ 66. Be3 Be5 67. Bf4 Bf6 68. Be3 Bc3 69. Bg5 1/2-1/2

[Event "Ruhrgebiet Regionalliga 0910"]
[Site "Germany"]
[Date "2009.09.06"]
[Round "1.7"]
[White "Schmedders, Hans Gerd"]
[Black "Teich, Udo"]
[Result "1/2-1/2"]
[WhiteElo "2205"]
[BlackElo "2097"]
[PlyCount "50"]
[EventDate "2009.09.06"]
[EventType "team-tourn"]
[EventRounds "9"]
[EventCountry "GER"]
[SourceTitle "EXT 2011"]
[Source "ChessBase"]
[SourceDate "2010.11.26"]
[SourceVersion "1"]
[SourceVersionDate "2010.11.26"]
[SourceQuality "1"]
[WhiteTeam "Wattenscheid III"]
[BlackTeam "Welper SV"]
[WhiteTeamCountry "GER"]
[BlackTeamCountry "GER"]

1. d4 d5 2. g3 Nf6 3. Bg2 e6 4. c4 Be7 5. Nf3 0-0 6. 0-0 Nbd7 7. b3 b6 8. cxd5 Nxd5 9. Bb2 Bb7 10. a3 c5 11. Nbd2 N5f6 12. Re1 cxd4 13. Bxd4 Rc8 14. Qb1 Qc7 15. Qb2 Qb8 16. b4 Bd6 17. e4 e5 18. Bc3 Rfe8 19. Rad1 b5 20. Nh4 Nb6 21. Qb3 Nc4 22. Nf5 Bf8 23. f3 g6 24. Ne3 Nxe3 25. Rxe3 Rcd8 1/2-1/2